[Event "Piestany op"]
[Site "Piestany"]
[Date "2013.11.20"]
[Round "4"]
[White "Ruckschloss, Karol"]
[Black "Feranec, Milan"]
[Result "1-0"]
[WhiteElo "2229"]
[BlackElo "1724"]
[PlyCount "87"]
[EventDate "2013.11.18"]
[EventType "swiss"]
[EventRounds "7"]
[EventCountry "SVK"]
[SourceTitle "CBM 157 Extra"]
[Source "ChessBase"]
[SourceDate "2013.12.19"]
[SourceVersion "1"]
[SourceVersionDate "2013.12.19"]
[SourceQuality "1"]

1. c4 Nf6 2. d4 e6 3. Nf3 Be7 4. Nc3 c6 5. e4 d6 6. Bd3 Nbd7 7. h3 e5 8. d5 c5 9. Be3 b6 10. g3 a6 11. Nd2 Nf8 12. Qe2 Ng6 13. 0-0-0 Bd7 14. f4 Qc7 15. f5 Nf8 16. g4 h6 17. h4 0-0-0 18. g5 Ng8 19. Rdg1 h5 20. Nf1 Kb7 21. Ng3 Ra8 22. Nxh5 g6 23. Ng3 Be8 24. h5 Bd8 25. hxg6 Rxh1 26. Rxh1 fxg6 27. f6 Bf7 28. Kd2 Qd7 29. Qh2 Bc7 30. Be2 Ka7 31. Qh3 Qe8 32. Qh8 Rd8 33. a4 Kb7 34. Bg4 b5 35. cxb5 Ra8 36. bxa6+ Rxa6 37. Be2 Rxa4 38. Bb5 Qc8 39. Bxa4 Qg4 40. Qh3 Qxh3 41. Rxh3 Ba5 42. Rh8 Bxc3+ 43. bxc3 Kb6 44. Be8 1-0

[Event "SVK-chT3A2 1011"]
[Site "Slovakia"]
[Date "2011.01.30"]
[Round "7.7"]
[White "Feranec, Milan"]
[Black "Slaby, Jozef"]
[Result "0-1"]
[WhiteElo "1765"]
[BlackElo "1865"]
[PlyCount "110"]
[EventDate "2010.10.17"]
[EventType "team-tourn"]
[EventRounds "11"]
[EventCountry "SVK"]
[SourceTitle "EXT 2012"]
[Source "ChessBase"]
[SourceDate "2011.11.24"]
[SourceVersion "1"]
[SourceVersionDate "2011.11.24"]
[SourceQuality "1"]
[WhiteTeam "Vrbove"]
[BlackTeam "Piestany Kupele II"]
[WhiteTeamCountry "SVK"]
[BlackTeamCountry "SVK"]

1. c4 Nf6 2. d4 d5 3. e3 e6 4. a3 Be7 5. Nc3 Nbd7 6. b4 dxc4 7. Bxc4 b6 8. Nge2 Bb7 9. 0-0 0-0 10. Qc2 c5 11. b5 Rc8 12. Qb3 cxd4 13. exd4 Bd6 14. f4 Qc7 15. Bd3 Nd5 16. Ne4 Be7 17. Bd2 N7f6 18. Rac1 Qd7 19. h3 Rxc1 20. Rxc1 Rc8 21. Ng5 Rxc1+ 22. Bxc1 h6 23. Nf3 Qc7 24. Ne5 Bd6 25. Qc4 Qxc4 26. Nxc4 Bb8 27. g3 Ne7 28. a4 Ned5 29. Ba3 a6 30. Kf2 axb5 31. axb5 g6 32. Ne5 Kg7 33. g4 Bc8 34. Kf3 Bc7 35. h4 Bb7 36. Nc6 h5 37. g5 Ng4 38. Be4 Nge3 39. Bc1 Nf5 40. Bxd5 exd5 41. Ba3 Nxh4+ 42. Kf2 Nf5 43. Ne7 f6 44. Nxf5+ gxf5 45. gxf6+ Kxf6 46. Kg3 Bd8 47. Bd6 Bc8 48. Nc3 Ke6 49. Bb4 Bd7 50. Bf8 Bf6 51. Ne2 Bxb5 52. Kf3 Bxe2+ 53. Kxe2 Bxd4 54. Kf3 Bc5 55. Bg7 h4 0-1

[Event "SVK-chT3A2 1011"]
[Site "Slovakia"]
[Date "2011.01.16"]
[Round "6.6"]
[White "Feranec, Milan"]
[Black "Jablonicky, Martin"]
[Result "0-1"]
[WhiteElo "1765"]
[BlackElo "1884"]
[PlyCount "88"]
[EventDate "2010.10.17"]
[EventType "team-tourn"]
[EventRounds "11"]
[EventCountry "SVK"]
[SourceTitle "EXT 2012"]
[Source "ChessBase"]
[SourceDate "2011.11.24"]
[SourceVersion "1"]
[SourceVersionDate "2011.11.24"]
[SourceQuality "1"]
[WhiteTeam "Vrbove"]
[BlackTeam "Trnava Modranka"]
[WhiteTeamCountry "SVK"]
[BlackTeamCountry "SVK"]

1. c4 Nf6 2. Nc3 c6 3. b3 d5 4. Nf3 Bf5 5. Ba3 Nbd7 6. Nh4 Bg6 7. g3 e6 8. Bxf8 Nxf8 9. Bg2 h6 10. 0-0 Bh7 11. d3 Ng6 12. Nf3 0-0 13. Re1 Re8 14. a4 Ne7 15. b4 Qb6 16. b5 Rad8 17. Qb3 Ng4 18. Nd1 Nf6 19. Rc1 Rc8 20. c5 Qc7 21. Qc3 Nd7 22. d4 cxb5 23. axb5 f6 24. e3 e5 25. Nb2 e4 26. Nd2 f5 27. f4 Nf6 28. h3 Kh8 29. Qb3 Qb8 30. Qa4 Rg8 31. Kh1 g5 32. Nf1 Rg7 33. Qd1 Rcg8 34. c6 bxc6 35. bxc6 Qd6 36. Qc2 gxf4 37. exf4 Nh5 38. Re2 Nxg3+ 39. Nxg3 Rxg3 40. Rf1 Nxc6 41. Qd2 Qa3 42. Nc4 Rxh3+ 43. Kg1 Qg3 44. Rff2 Qh2+ 0-1

[Event "Brezova op"]
[Site "Brezova pod Bradlom"]
[Date "2009.08.26"]
[Round "6"]
[White "Zatko, Gregor"]
[Black "Feranec, Milan"]
[Result "1-0"]
[WhiteElo "1982"]
[BlackElo "1830"]
[PlyCount "101"]
[EventDate "2009.08.22"]
[EventType "swiss"]
[EventRounds "9"]
[EventCountry "SVK"]
[SourceTitle "CBM 132 Extra"]
[Source "ChessBase"]
[SourceDate "2009.11.03"]
[SourceVersion "1"]
[SourceVersionDate "2009.11.03"]
[SourceQuality "1"]

1. e4 Nc6 2. d4 d5 3. Nc3 dxe4 4. d5 Ne5 5. Qd4 Ng6 6. Qxe4 f5 7. Qa4+ Bd7 8. Bb5 c6 9. dxc6 bxc6 10. Bxc6 Nf6 11. Bg5 Ne5 12. Bxd7+ Qxd7 13. Qb3 Qc6 14. f3 Rd8 15. Nge2 Qc4 16. 0-0 Kf7 17. Rfd1 Qxb3 18. axb3 Rxd1+ 19. Nxd1 e6 20. Rxa7+ Kg6 21. Be3 Nd5 22. Bf2 f4 23. c4 Nf6 24. Nxf4+ Kf5 25. Ra6 Kxf4 26. Bg3+ Kg5 27. f4+ Kf5 28. fxe5 Ng4 29. Kf1 Bc5 30. Ra5 Bd4 31. Rb5 Ra8 32. h3 Ne3+ 33. Nxe3+ Bxe3 34. Ke2 Bd4 35. Kd3 Bxb2 36. c5 Rd8+ 37. Kc2 Bd4 38. b4 Be3 39. Be1 h5 40. Bc3 g5 41. Rb7 Ke4 42. Rb6 Kf5 43. Ra6 Rc8 44. Kd3 Bf4 45. Kc4 h4 46. b5 Rd8 47. b6 Bxe5 48. Bxe5 Kxe5 49. b7 Rb8 50. Ra7 Rf8 51. c6 1-0

[Event "Piestany op"]
[Site "Piestany"]
[Date "2009.07.27"]
[Round "2"]
[White "Feranec, Milan"]
[Black "Recky, Norbert"]
[Result "0-1"]
[WhiteElo "1830"]
[BlackElo "1933"]
[PlyCount "92"]
[EventDate "2009.07.26"]
[EventType "swiss"]
[EventRounds "7"]
[EventCountry "SVK"]
[SourceTitle "EXT 2010"]
[Source "ChessBase"]
[SourceDate "2010.11.25"]
[SourceVersion "1"]
[SourceVersionDate "2010.11.25"]
[SourceQuality "1"]

1. c4 Nf6 2. Nc3 d5 3. d4 g6 4. g3 c6 5. Nf3 Bg7 6. Ne5 Be6 7. c5 Nbd7 8. f3 Nxe5 9. dxe5 Nd7 10. Be3 Bxe5 11. Bd4 Qc7 12. f4 Bf6 13. b4 a5 14. b5 Nxc5 15. Bxf6 exf6 16. Qd4 Nd7 17. Bg2 0-0 18. a4 Rac8 19. Qd2 Nc5 20. Qb2 Rfe8 21. 0-0 Bf5 22. Rfe1 Be4 23. Bh3 f5 24. Rad1 Qb6 25. Kf1 Ne6 26. Nxe4 dxe4 27. e3 Nc5 28. Qf6 Re6 29. Qg5 f6 30. Qh4 cxb5 31. g4 fxg4 32. Bxg4 f5 33. Be2 Nd3 34. Bxd3 exd3 35. Rxd3 bxa4 36. Red1 h5 37. Rd8+ Rxd8 38. Rxd8+ Kf7 39. Rd7+ Ke8 40. Rd1 Rxe3 41. Qf2 Qb5+ 42. Kg1 Qe2 43. Ra1 Qxf2+ 44. Kxf2 Re4 45. Kf3 b5 46. Rc1 a3 0-1

[Event "Brno Duras op-A"]
[Site "Brno"]
[Date "2009.07.03"]
[Round "7"]
[White "Feranec, Milan"]
[Black "Kukla, Tomas"]
[Result "0-1"]
[WhiteElo "1834"]
[BlackElo "1851"]
[PlyCount "106"]
[EventDate "2009.06.26"]
[EventType "swiss"]
[EventRounds "9"]
[EventCountry "CZE"]
[SourceTitle "CBM 131 Extra"]
[Source "ChessBase"]
[SourceDate "2009.09.03"]
[SourceVersion "2"]
[SourceVersionDate "2009.09.16"]
[SourceQuality "1"]

1. b3 d5 2. f4 c5 3. e3 a6 4. Bb2 Nc6 5. Be2 Nf6 6. Nf3 Bf5 7. 0-0 e6 8. a3 Be7 9. d3 0-0 10. Nh4 h6 11. Nxf5 exf5 12. Nd2 Rc8 13. Rf3 Nd7 14. Rh3 Bf6 15. c3 Re8 16. Rb1 Qe7 17. Nf1 d4 18. c4 Qd6 19. Bc1 dxe3 20. Bxe3 Bd4 21. Kh1 Bxe3 22. Nxe3 Qxf4 23. Nd5 Qe5 24. Bf1 Nf6 25. Nxf6+ Qxf6 26. Qf3 Re7 27. b4 cxb4 28. axb4 Rce8 29. Qf2 Ne5 30. Qf4 Ng4 31. Rf3 Ne5 32. Rg3 Ng6 33. Qf2 Re5 34. Rf3 Ne7 35. d4 Re4 36. d5 g6 37. b5 a5 38. Qd2 Qe5 39. Qxh6 Nc8 40. Rbb3 Nb6 41. Rh3 a4 42. Rbf3 Nxc4 43. Qh7+ Kf8 44. Qh6+ Kg8 45. Rc3 Qg7 46. Qg5 a3 47. Rc2 Re1 48. Rf3 Ne3 49. Re2 Qa1 50. Rxe1 Qxe1 51. Qg3 Nxf1 52. Qxe1 Rxe1 53. Kg1 Nd2+ 0-1

[Event "Brno Duras op-A"]
[Site "Brno"]
[Date "2009.06.26"]
[Round "1"]
[White "Feranec, Milan"]
[Black "Vesely, Jaromir"]
[Result "0-1"]
[WhiteElo "1834"]
[BlackElo "2046"]
[PlyCount "98"]
[EventDate "2009.06.26"]
[EventType "swiss"]
[EventRounds "9"]
[EventCountry "CZE"]
[SourceTitle "CBM 131 Extra"]
[Source "ChessBase"]
[SourceDate "2009.09.03"]
[SourceVersion "2"]
[SourceVersionDate "2009.09.16"]
[SourceQuality "1"]

1. Nf3 d5 2. b3 c5 3. e3 Nc6 4. Bb2 Bg4 5. Be2 e6 6. 0-0 Nf6 7. d3 Be7 8. Nbd2 0-0 9. Re1 Qc7 10. a3 Rad8 11. Rc1 e5 12. Nf1 Rfe8 13. Ng3 Bc8 14. Nd2 Bf8 15. c4 d4 16. e4 g6 17. Rb1 Nd7 18. Bg4 Bd6 19. Bc1 Nf8 20. Bxc8 Rxc8 21. Rf1 Ne6 22. Ne2 f6 23. g3 g5 24. Kh1 Kh8 25. Ng1 Qf7 26. Qf3 Rg8 27. Qg2 Rg6 28. Ndf3 Rcg8 29. Bd2 Rh6 30. b4 Nf4 31. Bxf4 gxf4 32. bxc5 Bxc5 33. Rb3 b6 34. a4 Qd7 35. Rfb1 Na5 36. Rb5 a6 37. Rxa5 bxa5 38. Ne2 Qxa4 39. Qf1 Qc2 40. Qd1 Qxd1+ 41. Rxd1 fxg3 42. fxg3 Rb8 43. Nh4 Rb2 44. Ng1 a4 45. Ngf3 a3 46. Ng2 Rg6 47. Rd2 Rxd2 48. Nxd2 a2 49. Nb3 Rg8 0-1

[Event "SVK-ch Seniors-A"]
[Site "Tatranske Matliare"]
[Date "2009.??.??"]
[Round "1"]
[White "Feranec, Milan"]
[Black "Rakay, Kvetoslav"]
[Result "0-1"]
[WhiteElo "1834"]
[BlackElo "2114"]
[PlyCount "64"]
[EventDate "2009.05.31"]
[EventType "swiss"]
[EventRounds "9"]
[EventCountry "SVK"]
[SourceTitle "EXT 2023"]
[Source "ChessBase"]
[SourceDate "2022.10.05"]
[SourceVersion "1"]
[SourceVersionDate "2022.10.05"]
[SourceQuality "1"]

1. Nf3 g6 2. Nc3 Bg7 3. d4 d5 4. Bd2 Nf6 5. e3 0-0 6. Bd3 c6 7. Ne2 Nbd7 8. Ng3 Re8 9. Bc3 Qc7 10. 0-0 Ng4 11. h3 Nxe3 12. fxe3 Qxg3 13. Be1 Qc7 14. c4 e5 15. Bg3 Qb6 16. Ng5 f6 17. Nxh7 e4 18. c5 Qd8 19. Nxf6+ Nxf6 20. Bc2 Nh5 21. Bd6 Qg5 22. g4 Nf6 23. Bf4 Qh4 24. Kg2 Nxg4 25. hxg4 Bxg4 26. Qe1 Bf3+ 27. Rxf3 exf3+ 28. Kxf3 Qh5+ 29. Kf2 Bh6 30. Qh1 Bxf4 31. e4 Qxh1 32. Rxh1 dxe4 0-1

[Event "Piestany Pressburg op"]
[Site "Piestany"]
[Date "2007.11.14"]
[Round "1"]
[White "Feranec, Milan"]
[Black "Reznicek, Marcel"]
[Result "0-1"]
[WhiteElo "1882"]
[BlackElo "2082"]
[PlyCount "44"]
[EventDate "2007.11.14"]
[EventType "swiss"]
[EventRounds "7"]
[EventCountry "SVK"]
[SourceTitle "CBM 121 Extra"]
[Source "ChessBase"]
[SourceDate "2008.01.10"]
[SourceVersion "1"]
[SourceVersionDate "2008.01.10"]
[SourceQuality "1"]

1. Nf3 c5 2. c4 Nc6 3. b3 e5 4. d3 e4 5. Ng5 Qf6 6. d4 Qxd4 7. Qxd4 Nxd4 8. Na3 f5 9. e3 Ne6 10. Nxe6 dxe6 11. Nb5 Kf7 12. Bb2 a6 13. Nc7 Ra7 14. Be5 Nf6 15. Be2 Be7 16. Rd1 Bd8 17. 0-0 b6 18. Rxd8 Rxd8 19. Rd1 Rxd1+ 20. Bxd1 Ke7 21. g4 Kd7 22. Ne8 Kxe8 0-1

[Event "SVK-chT3A2 0607"]
[Site "Slovakia"]
[Date "2007.03.11"]
[Round "10"]
[White "Pribila, Gerhart"]
[Black "Feranec, Milan"]
[Result "1-0"]
[WhiteElo "2022"]
[BlackElo "1890"]
[PlyCount "123"]
[EventDate "2006.10.08"]
[EventType "team-tourn"]
[EventRounds "11"]
[EventCountry "SVK"]
[SourceTitle "EXT 2008"]
[Source "ChessBase"]
[SourceDate "2007.11.25"]
[SourceVersion "1"]
[SourceVersionDate "2007.11.25"]
[SourceQuality "1"]
[WhiteTeam "Gbely"]
[BlackTeam "Vrbove"]
[WhiteTeamCountry "SVK"]
[BlackTeamCountry "SVK"]

1. e4 Nc6 2. Nf3 g6 3. d4 d6 4. d5 Ne5 5. Nxe5 dxe5 6. Be2 Bg7 7. c4 b6 8. 0-0 e6 9. Nc3 Ne7 10. Bg5 0-0 11. Qd2 Re8 12. Rad1 f6 13. Bh6 Bh8 14. Qc1 Bb7 15. dxe6 Qc8 16. Nd5 c5 17. f4 Qxe6 18. Nc7 Qf7 19. Nxe8 Qxe8 20. fxe5 f5 21. Bf3 Bxe5 22. exf5 Bxf3 23. Rxf3 Nxf5 24. Kh1 Qa4 25. Rdf1 Qd7 26. Bg5 Re8 27. Rd1 Qc7 28. Bf4 Qg7 29. Bxe5 Qxe5 30. Qd2 Nd4 31. Rff1 Qh5 32. Qf2 Nf5 33. Qf3 Qxf3 34. Rxf3 Nd4 35. Rf2 Re7 36. Kg1 Kg7 37. Kf1 h5 38. Re1 Rd7 39. g3 g5 40. Re5 Kg6 41. Rd5 Re7 42. Rd6+ Re6 43. Rxe6+ Nxe6 44. Rd2 Nd4 45. Rf2 Kg7 46. h3 a5 47. b3 Kg6 48. Rf8 g4 49. hxg4 hxg4 50. Rb8 Kf5 51. Rxb6 Ke4 52. Kf2 Kd3 53. Ra6 Nc2 54. Rxa5 Kd4 55. Ra8 Kc3 56. Rb8 Nb4 57. Rb5 Kd4 58. a4 Nd3+ 59. Ke2 Kc3 60. a5 Nb4 61. Rxb4 Kxb4 62. a6 1-0

[Event "Piestany op"]
[Site "Piestany"]
[Date "2005.11.16"]
[Round "1"]
[White "Hasangatin, Ramil"]
[Black "Feranec, Milan"]
[Result "1-0"]
[WhiteElo "2457"]
[BlackElo "1927"]
[PlyCount "77"]
[EventDate "2005.11.16"]
[EventType "swiss"]
[EventRounds "7"]
[EventCountry "SVK"]
[SourceTitle "CBM 109 Extra"]
[Source "ChessBase"]
[SourceDate "2006.01.03"]
[SourceVersion "2"]
[SourceVersionDate "2006.01.03"]
[SourceQuality "1"]

1. e4 g6 2. d4 Bg7 3. Nc3 d6 4. Be3 Nd7 5. h3 c6 6. a4 a5 7. Nge2 b6 8. g3 Bb7 9. Bg2 e5 10. Qd2 Ba6 11. Rd1 Qc7 12. 0-0 f6 13. f4 Ne7 14. fxe5 dxe5 15. d5 Qd6 16. dxc6 Qxc6 17. Rfe1 Rd8 18. Bf1 Bc4 19. b3 Be6 20. Nb5 0-0 21. Qd6 Kf7 22. Qxc6 Nxc6 23. Rd6 Ndb8 24. Bxb6 Rxd6 25. Nxd6+ Kg8 26. Nc3 Nd4 27. Bxd4 exd4 28. Ncb5 Nc6 29. Bc4 Bxc4 30. Nxc4 f5 31. exf5 gxf5 32. Re6 Nb4 33. Re2 d3 34. cxd3 Nxd3 35. Nxa5 f4 36. gxf4 Nxf4 37. Re3 Nd5 38. Rd3 Nb4 39. Rd1 1-0

[Event "Stare Mesto op"]
[Site "Stare Mesto"]
[Date "2005.08.12"]
[Round "1"]
[White "Weglarz, Leszek"]
[Black "Feranec, Milan"]
[Result "1-0"]
[WhiteElo "2289"]
[BlackElo "1943"]
[PlyCount "95"]
[EventDate "2005.08.12"]
[EventType "swiss"]
[EventRounds "9"]
[EventCountry "CZE"]
[SourceTitle "EXT 2006"]
[Source "ChessBase"]
[SourceDate "2005.11.24"]
[SourceVersion "1"]
[SourceVersionDate "2005.11.24"]
[SourceQuality "1"]

1. e4 c5 2. Nf3 e6 3. d3 b5 4. g3 Bb7 5. Bg2 d6 6. 0-0 Nd7 7. a4 Qa5 8. Bd2 b4 9. c3 Ba6 10. cxb4 cxb4 11. Na3 Nc5 12. Nc4 Bxc4 13. dxc4 e5 14. Be3 Nf6 15. Nd2 Qc7 16. Nb3 Nxb3 17. Qxb3 a5 18. Rfd1 Be7 19. Qd3 0-0 20. Bh3 Rfd8 21. b3 Qc6 22. f3 Qc7 23. Ra2 h6 24. Qe2 Kh7 25. Rad2 g6 26. Qd3 Kg7 27. Bf2 Qc6 28. Qe3 Ra6 29. Qe2 Raa8 30. Be3 Ng8 31. Rd5 Qc7 32. Qf2 Ra6 33. Rb5 Rc6 34. Bb6 Rxb6 35. Qxb6 Qxb6+ 36. Rxb6 Bg5 37. Rbxd6 Be3+ 38. Kf1 Ra8 39. Rd8 Ra6 40. R1d6 Ra7 41. R8d7 Ra8 42. Ke2 Bd4 43. Be6 Rf8 44. Bd5 Nf6 45. Rd8 Bc5 46. Rxf8 Nxd5 47. Rxd5 Bxf8 48. Rxa5 1-0

[Event "SVK-ch"]
[Site "Trencianske Teplice"]
[Date "2005.??.??"]
[Round "5"]
[White "Feranec, Milan"]
[Black "Chovanec, Milan"]
[Result "0-1"]
[WhiteElo "1962"]
[BlackElo "2140"]
[PlyCount "60"]
[EventDate "2005.07.03"]
[EventType "swiss"]
[EventRounds "9"]
[EventCountry "SVK"]
[SourceTitle "EXT 2007"]
[Source "ChessBase"]
[SourceDate "2006.11.23"]
[SourceVersion "1"]
[SourceVersionDate "2006.11.23"]
[SourceQuality "1"]

1. Nf3 d5 2. b3 c5 3. e3 f6 4. Nh4 Nh6 5. Be2 e5 6. d3 Nf5 7. Nf3 Nc6 8. Bb2 Be7 9. Nbd2 0-0 10. c4 d4 11. e4 Nd6 12. a3 a5 13. 0-0 f5 14. Ne1 Bg5 15. f3 Be3+ 16. Kh1 f4 17. Nc2 Qh4 18. Nxe3 dxe3 19. Nb1 Rf6 20. Qe1 Qh5 21. g4 fxg3 22. Qxg3 Rg6 23. Qe1 Bh3 24. Rg1 Rxg1+ 25. Qxg1 Nd4 26. Bxd4 exd4 27. Ra2 Qh6 28. Bf1 Rf8 29. Bxh3 Qxh3 30. Qg2 Qxf3 0-1

[Event "Piestany op"]
[Site "Piestany"]
[Date "2004.11.20"]
[Round "6"]
[White "Pevny, Martin"]
[Black "Feranec, Milan"]
[Result "0-1"]
[WhiteElo "2097"]
[BlackElo "1968"]
[PlyCount "84"]
[EventDate "2004.11.17"]
[EventType "swiss"]
[EventRounds "7"]
[EventCountry "SVK"]
[SourceTitle "EXT 2006"]
[Source "ChessBase"]
[SourceDate "2005.11.24"]
[SourceVersion "1"]
[SourceVersionDate "2005.11.24"]
[SourceQuality "1"]

1. d4 Nf6 2. Nf3 d5 3. c4 e6 4. Nc3 Be7 5. Bf4 c6 6. e3 Nbd7 7. Bd3 Qa5 8. 0-0 dxc4 9. Bxc4 Nh5 10. Be5 Nxe5 11. Nxe5 Nf6 12. Qf3 0-0 13. Bd3 Qc7 14. Qh3 g6 15. f4 b5 16. Ne4 Nxe4 17. Bxe4 Bb7 18. Qh6 Bf6 19. Rac1 Bg7 20. Qh4 Rac8 21. Nxc6 Bxc6 22. Rxc6 Qxc6 23. Bxc6 Rxc6 24. Qe7 a6 25. Ra1 Rfc8 26. a4 Bf8 27. Qg5 b4 28. Rf1 Rc2 29. Rb1 Re2 30. g4 Rcc2 31. f5 Rg2+ 32. Kh1 Rxh2+ 33. Kg1 Rcg2+ 34. Kf1 exf5 35. Rc1 Rxg4 36. Qd8 Rh1+ 37. Kf2 Rxc1 38. d5 Rc2+ 39. Kf3 Rd2 40. b3 Kg7 41. Qa5 Bd6 42. e4 Rg3# 0-1

[Event "Piestany op"]
[Site "Piestany"]
[Date "2004.11.18"]
[Round "3"]
[White "Feranec, Milan"]
[Black "Blazek, Milos"]
[Result "0-1"]
[WhiteElo "1968"]
[BlackElo "2127"]
[PlyCount "60"]
[EventDate "2004.11.17"]
[EventType "swiss"]
[EventRounds "7"]
[EventCountry "SVK"]
[SourceTitle "EXT 2006"]
[Source "ChessBase"]
[SourceDate "2005.11.24"]
[SourceVersion "1"]
[SourceVersionDate "2005.11.24"]
[SourceQuality "1"]

1. Nf3 Nf6 2. c4 c5 3. b3 d5 4. e3 d4 5. Qc2 Nc6 6. a3 e5 7. Ng5 Bd6 8. Bd3 h6 9. Ne4 0-0 10. 0-0 Nxe4 11. Bxe4 f5 12. Bxc6 bxc6 13. d3 e4 14. exd4 cxd4 15. b4 c5 16. Bd2 Qe7 17. bxc5 Bxc5 18. Re1 Bb7 19. Qb3 e3 20. fxe3 dxe3 21. Bc3 Rad8 22. Bb4 e2+ 23. d4 Bxd4+ 24. Kh1 Qe4 25. Qg3 f4 26. Qg4 f3 27. Qxe4 Bxe4 28. h4 fxg2+ 29. Kh2 Be5+ 30. Kh3 Rd3+ 0-1